Využitie technológie SSD diskov v moderných úložiskách dát
SSD disky sa stávajú neoddeliteľnou súčasťou moderných úložísk dát. Stručné predstavenie technológie SSD diskov. Výhody a nevýhody SSD diskov. Praktické využitie SSD diskov v úložiskách dát.
Na minha lista:
| Autor principal: | |
|---|---|
| Formato: | Capítulo de Livro |
| Idioma: | eslovaco |
| Assuntos: | |
| Tags: |
Sem tags, seja o primeiro a adicionar uma tag!
|
MARC
| LEADER | 00000nla a2200000 4500 | ||
|---|---|---|---|
| 001 | 0164584 | ||
| 005 | 20240502072855.5 | ||
| 041 | 0 | |a slo | |
| 044 | |a SK | ||
| 245 | 1 | 0 | |a Využitie technológie SSD diskov v moderných úložiskách dát |c Patrik Sihelský |
| 520 | |a SSD disky sa stávajú neoddeliteľnou súčasťou moderných úložísk dát. Stručné predstavenie technológie SSD diskov. Výhody a nevýhody SSD diskov. Praktické využitie SSD diskov v úložiskách dát. | ||
| 610 | 2 | 0 | |a dáta |
| 610 | 2 | 0 | |a centrá dátové |
| 610 | 2 | 0 | |a technika nová |
| 100 | 1 | |a Sihelský, Patrik | |